000 00553nam a2200181 i 4500
001 86078
003 ES-MaACL
005 20230906175353.0
007 t|
008 041207s1967 sp ||||1| spa d
100 1 _aKerenskii, Aleksandr Fiodorovich.
_967892
245 1 0 _aMemorias /
_cAlejandro Kerenski ; [versión española, Antonio Tomás Todoli].
250 _a[1ª ed.].
260 _aBarcelona :
_bCaralt,
_c[1967]
300 _a568 p., 4 lám. ;
_c22 cm.
700 1 _aTomás Todolí, Antonio.
_9110530
852 _aES-MaACL
_jC-32378
_bR.63211
999 _c86078
_d86078